00345nam a2200133Ia 4500008004100000041000800041082001500049100001300064245004500077250001400122260003300136300003100169365001100200240624s9999 xx 000 0 und d aeng a658.15 KHA aKHAN M Y aFINANCIAL MANAGEMENT TEXT PROBLEMS AND C a(7th ed.) c2014aNew DelhibMcGraw Hill axxi, : 750 : p. : cm. ; 26 cRSb33